Famous vessels - Statistics

General Stats
  • This quiz has been taken 15 times
  • The average score is 5 of 15
Answer Stats
Picture Answer % Correct
RMS Titanic
100%
HMS Victory
71%
RMS Lusitania
57%
HMS Ark Royal
43%
Allure of the Seas
29%
Bismarck
29%
Disney Dream
29%
RMS Queen Mary 2
29%
HMS Queen Elizabeth
14%
Maersk McKinney Moller
14%
OOCL Hong Kong
14%
RFA Lyme Bay
14%
USS Constitution
14%
USS Enterprise
14%
MSC Grandiosa
0%
No matching quizzes found
Score Distribution
Percent of People with Each Score
Percentile by Number Answered
Your Score History
You have not taken this quiz